| 000 | 00963nas a2200265 454500 | ||
|---|---|---|---|
| 001 | 61125 | ||
| 005 | 20260407193512.0 | ||
| 008 | 260407s2023####ag###########|||spa#d | ||
| 003 | AR-UNSa-BCEJYS | ||
| 040 |
_aAR-UNSa-BCEJYS _bspa _cAR-UNSa-BCEJYS |
||
| 080 |
_a378.4(826.7) _xUniversidad Nacional de Salta |
||
| 245 | 1 | 0 | _aEconómicas habla |
| 022 | _a3008-8143 | ||
| 264 | 1 |
_aSalta : _bUniversidad Nacional de Salta. Facultad de Ciencias Económicas, Jurídicas y Sociales _c2023 |
|
| 310 | _aFrecuencia: Semestral Cambia de director a partir del Nº 5 por Teodelina Zuviría | ||
| 041 | _aspa | ||
| 942 | _cSER | ||
| 590 | _aniveau_biblio:s niveau_hierar:1 | ||
| 100 | 1 | _aNina, Martín Miguel | |
| 700 | 1 | _aSaavedra, María Natalia | |
| 650 | _aGESTION UNIVERSITARIA | ||
| 650 | _aUNIVERSIDAD NACIONAL DE SALTA | ||
| 650 | _aEDUCACION SUPERIOR | ||
| 856 | 4 | 1 |
_uhttps://www.biblioeco.unsa.edu.ar/pmb/images/revistas/R23353.jpg _yImagen de portada _qimage/jpeg |
| 999 |
_c8989 _d8989 |
||